• 首页
  • 本馆介绍
  • 公告通知
  • 最新文献
  • 馆藏检索
  • 电子资源
  • 读者导购
  • 参考咨询
  • 我的图书馆
  • 登录
  • 详细信息显示
  • 放入我的书架
  • 预约/预借图书
  • 作者相关作品
  • 分类相关作品
  • 丛书相关作品
  • 出版社相关作品

书目信息

  • 表格格式
  • 工作单格式
  • 卡片格式
题名:
汽车发动机构造与维修
    
 
作者: 柳礼 , 金媛媛 , 吴良芹 主编
分册:  
出版信息: 北京   航空工业出版社  2020.8
页数: 305页
开本: 26cm
丛书名: 高等职业教育汽车专业系列丛书
单 册:
中图分类: U464.03 , U472.43
科图分类:
主题词: 汽车--发动机--构造--高等职业教育--教材 , 汽车--发动机--车辆修理--高等职业教育--教材
电子资源:
ISBN: 978-7-5165-2332-2
000 01158nam0 2200313 45
001 012001000647
005 20130911164109.0
010    @a978-7-5165-2332-2@dCNY52.00
100    @a20210113d2020 em y0chiy50 ea
101 0  @achi
102    @aCN@b110000
105    @aa z 000yy
106    @ar
200 1  @a汽车发动机构造与维修@b专著@e升级版@eAR增强现实版&微课版@f柳礼,金媛媛,吴良芹主编@Aqi che fa dong ji gou zao yu wei xiu
210    @a北京@c航空工业出版社@d2020.8
215    @a305页@c图@d26cm
225 1  @a高等职业教育汽车专业系列丛书
300    @a“互联网+”新形态一体化精品教材
330    @a本书共分为八个项目:发动机认知、曲柄连杆机构、配气机构、发动机润滑系统、发动机冷却系统、发动机起动系统、发动机点火系统、发动机燃油供给系统。
461  0 @12001 @a高等职业教育汽车专业系列丛书
606 0  @a汽车@x发动机@x构造@x高等职业教育@j教材
606 0  @a汽车@x发动机@x车辆修理@x高等职业教育@j教材
690    @aU464.03@v5
690    @aU472.43@v5
701  0 @a柳礼@4主编@Aliu li
701  0 @a金媛媛@4主编@Ajin yuan yuan
701  0 @a吴良芹@4主编@Awu liang qin
801  0 @aCN@bBJSDL@c20211011
905    @b1335619-22@dU464.03@e1054@f4
    
    汽车发动机构造与维修:升级版:AR增强现实版&微课版/柳礼,金媛媛,吴良芹主编.-北京:航空工业出版社,2020.8
    305页:图;26cm.-(高等职业教育汽车专业系列丛书)
    “互联网+”新形态一体化精品教材
    
    ISBN 978-7-5165-2332-2:CNY52.00
    本书共分为八个项目:发动机认知、曲柄连杆机构、配气机构、发动机润滑系统、发动机冷却系统、发动机起动系统、发动机点火系统、发动机燃油供给系统。
●
相关链接 在E读中查询图书 在五车中查询图书 在当当中查询图书 在豆瓣中查询图书


正题名:汽车发动机构造与维修     索取号:U464.03/1054         预约/预借

序号 登录号 条形码 馆藏地/架位号 状态 备注
1 1335619   213356198   第二样本阅览室/ [索取号:U464.03/1054] 在馆    
2 1335620   213356205   第三借阅区/ [索取号:U464.03/1054] 在馆    
3 1335621   213356214   第三借阅区/ [索取号:U464.03/1054] 在馆    
4 1335622   213356223   第三借阅区/ [索取号:U464.03/1054] 在馆    
唐山师范学院图书馆 欢迎您!
大连网信软件有限公司© 版权所有